[Event "Tirol Landesliga 2223"]
[Site "Austria"]
[Date "2022.10.02"]
[Round "2.2"]
[White "Kroell, Johannes"]
[Black "Kienboeck, Benjamin"]
[Result "0-1"]
[WhiteElo "2166"]
[BlackElo "2129"]
[PlyCount "66"]
[EventDate "2022.10.01"]
[EventType "team-tourn"]
[EventRounds "9"]
[EventCountry "AUT"]
[SourceTitle "EXT 2024"]
[Source "ChessBase"]
[SourceDate "2023.10.10"]
[SourceVersion "1"]
[SourceVersionDate "2023.10.10"]
[SourceQuality "1"]
[WhiteTeam "Reutte"]
[BlackTeam "Voels/Innsbruck"]
[WhiteTeamCountry "AUT"]
[BlackTeamCountry "AUT"]

1. Nc3 d5 2. e3 Nf6 3. d4 Bf5 4. Bd3 Bg6 5. Nf3 e6 6. a3 Nbd7 7. 0-0 c5 8. Ne5 Qb6 9. Nxd7 Nxd7 10. dxc5 Bxc5 11. b4 Bd6 12. Bb2 0-0 13. Nb5 Bxd3 14. Qxd3 Be5 15. Nd4 Bf6 16. Qb3 Rac8 17. Rac1 Ne5 18. Ne2 Qd8 19. Bxe5 Bxe5 20. c4 dxc4 21. Qa4 a6 22. Rfd1 Qh4 23. f4 Bb8 24. Rd7 Ba7 25. Nd4 e5 26. Nf5 Qg4 27. Ne7+ Kh8 28. Nxc8 Bxe3+ 29. Kh1 Bxc1 30. Nd6 b5 31. Nxf7+ Kg8 32. Qd1 Qxd1+ 33. Rxd1 Bxf4 0-1

[Event "AUT-ch"]
[Site "Vienna"]
[Date "2022.08.16"]
[Round "6"]
[White "Kristoferitsch, Daniel"]
[Black "Kienboeck, Benjamin"]
[Result "1-0"]
[WhiteElo "2303"]
[BlackElo "2105"]
[PlyCount "103"]
[EventDate "2022.08.12"]
[EventType "swiss"]
[EventRounds "9"]
[EventCountry "AUT"]
[SourceTitle "CBM 209 Extra"]
[Source "ChessBase"]
[SourceDate "2022.09.30"]
[SourceVersion "1"]
[SourceVersionDate "2022.09.30"]
[SourceQuality "1"]

1. c4 Nf6 2. Nc3 e5 3. g3 Bb4 4. Bg2 0-0 5. e4 Bxc3 6. bxc3 Re8 7. Ne2 d6 8. 0-0 Nbd7 9. d3 a6 10. Qc2 b5 11. cxb5 Bb7 12. c4 axb5 13. cxb5 c6 14. bxc6 Rc8 15. Be3 Rxc6 16. Qd2 Qa8 17. h3 Rec8 18. Rfc1 Rxc1+ 19. Rxc1 Rxc1+ 20. Nxc1 d5 21. exd5 Bxd5 22. Bxd5 Nxd5 23. Qe2 Qc6 24. Qf3 N7f6 25. Qd1 h6 26. Bd2 Nc7 27. Qb3 Nb5 28. Qc4 Qf3 29. Qxb5 Qd1+ 30. Kg2 Qxd2 31. Qc4 Qa5 32. a4 Qa8+ 33. Kg1 e4 34. dxe4 Nxe4 35. Nb3 Ng5 36. h4 Nf3+ 37. Kf1 Qb8 38. a5 Qa8 39. a6 Ne5 40. Qb5 Qh1+ 41. Ke2 Qe4+ 42. Kd2 Nf3+ 43. Kc3 Qe1+ 44. Kb2 Qxf2+ 45. Ka3 Kh7 46. Qf5+ Kg8 47. Qc8+ Kh7 48. Qf5+ Kg8 49. Qc5 Qe2 50. a7 Qa6+ 51. Qa5 Qd6+ 52. Ka2 1-0